000 00451nam a2200121Ia 4500
008 171212s9999 xx 000 0 und d
020 _a9781925021431
245 _aLosing Control
_bFreedom of the Press in Asia
260 _bANU E Press
_c2013
650 _aFreedom of the press -- Asia; Government and the press -- Asia; Journalism -- Asia; Online journalism -- Asia
650 _aPolitical Science
856 _uhttp://www.jstor.org/stable/j.ctt5vj71c
999 _c351192
_d351192